Statistics for Straight Outta Compton ALL songs

Click here to take the quiz!

General Stats

  • This quiz has been taken 6 times
  • The average score is 9 of 13

Answer Stats

Answer% Correct
Straight Outta Compton
100%
Dopeman - remix
83%
Fuck Tha Police
83%
Gangsta Gangsta
83%
8 Ball - remix
67%
Express Yourself
67%
Quiet On Tha Set
67%
Compton's N The House
50%
I Ain't Tha 1
50%
If It Ain't Ruff
50%
Parental Discretion Iz Advised
50%
Something 2 Dance 2
50%
Something Like That
50%

Score Distribution

Percentile by Number Answered

Percent of People with Each Score

Your Score History

You have not taken this quiz